000
00319nam a22001457a 4500
003
SGT
020
_a
978-1-78994-027-5
082
_a
746
_b
RUD
100
_a
RUDKIN, LINDA
245
_a
TEXTILES HANDBOOK NATURAL DYES
260
_a
LONDON
_b
BLOOMSBURY
_c
2007
300
_a
114
650
_a
TEXTILES
942
_2
ddc
_c
BK
999
_c
25826
_d
25826